| 000 | 01379ccm a2200397 a 4500 | ||
|---|---|---|---|
| 001 | 13533954 | ||
| 005 | 20200421093825.0 | ||
| 008 | 040323s2003 moustz r n d | ||
| 010 | _a 2004560328 | ||
| 020 | _a0786667478 | ||
| 024 | 1 | _a796279088022 | |
| 024 | 3 | _a9780786667475 | |
| 028 | 3 | 2 |
_aMB99311 _bMel Bay |
| 035 | _a(OCoLC)ocm52606954 | ||
| 040 |
_aBTS _cBTS _dDLC |
||
| 041 | 0 | _geng | |
| 042 | _alccopycat | ||
| 047 |
_ajz _ast |
||
| 048 | _atb01 | ||
| 050 | 0 | 0 |
_aMT582 _b.P246 2003 |
| 100 | 1 |
_aPass, Joe, _d1929-1994. _91427 |
|
| 245 | 1 | 0 | _aComplete Joe Pass. |
| 246 | 3 | _aMel Bay presents Complete Joe Pass | |
| 260 |
_aPacific, MO : _bMel Bay, _cc2003. |
||
| 300 |
_a216 p. of music ; _c30 cm. |
||
| 440 | 4 |
_aThe guitar masters series _91428 |
|
| 500 | _aJazz guitar method and transcribed solos and duets. | ||
| 500 | _aAt head of title: Mel Bay presents. | ||
| 505 | 0 | _aTranscriptions: Bay City blues -- Foxy chick and a cool cat -- Time in -- Blues in G -- Dante's Inferno -- Grēte -- Bonnie -- Jazz waltz -- Some of these days -- G blues -- Hot stuff -- Ballad. | |
| 650 | 0 |
_aGuitar _vMethods (Jazz) _91429 |
|
| 650 | 0 |
_aJazz _xInstruction and study. _91430 |
|
| 650 | 0 |
_aGuitar music (Jazz) _91431 |
|
| 906 |
_a7 _bcbc _ccopycat _d4 _encip _f20 _gy-genmusic |
||
| 942 |
_2ddc _cBK |
||
| 999 |
_c293 _d293 |
||